000 00819nam a2200277 c 4500
003 BLK
005 20180422100512.0
008 180408b bul|||||r ||||||| ||bul||
010 _aKNG00040180000
020 _a0-19-437136-0
_bиздат.: Oxford Univ. Press
040 _aBLK
041 _aENG
_cENG
080 _aЕзиково обучение
_b81:37
_x(072)
_z81:37(072)
100 1 _aMacCarthy, Michael
_eпърви автор
_9367362
139 _aMacCarthy, Michael
_bM 12
245 1 0 _aVocabulary
_cMichael MacCarthy.
260 Oxford
_bOxford Univ. Press
_c1990
300 _a173 c.
_c25 cm
380 _a80
490 1 _aLanguage Teaching
852 _aЦб 169895
856 4 _qpdf
_u
856 4 _qpdf
_u
942 _cKNG
_n0
944 _aCR
_c15.01.2003
_kВалентина_Караджова
944 _aED
_c09.07.2007
_k
999 _c37058
_d37058